Stress and Anxiety - Statistics

General Stats
  • This quiz has been taken 25 times
  • The average score is 4 of 10
Answer Stats
Hint Answer % Correct
Which gender is more prone to stress Female
96%
How many stages of the above answer are there? 5
71%
Your body's reaction to stress Anxiety
67%
Strong social bonds can protect against stress-related physical and mental illnesses like heart disease and depression, cutting your risk of early death by___ % 50
46%
a state of emotional, physical, and mental exhaustion from prolonged or excessive stress Burnout
46%
Long-term stress that goes on for weeks or months Chronic Stress
33%
Which part of the brain process fear and anxiety acting as a detection system detecting threats and sending signals to the hypothalamus as a result? Amygdala
25%
Short-term stress that comes and goes quickly Acute Stress
13%
Pink or discolored bumps caused by stress Hives
13%
When you experience the above on a regular basis Episodic Acute Stress
0%
No matching quizzes found
Score Distribution
Percent of People with Each Score
Percentile by Number Answered
Your Score History
You have not taken this quiz